000 00865nac a22002537a 4500
001 BR8703236
003 BR-BrBNA
005 20240105120509.0
008 230509b bl.|||m| |||| 00| 0 por d
040 _aBR-BrBNA
_bpor
_cBiblioteca Nacional de Agricultura
072 _aK50
090 _a3240 BR8703236
100 1 _aReis, M.S.
110 1 _aUniversidade Rural do Estado de Minas Gerais, Vicosa (Brasil)
_911280
245 1 _aMetodo pratico para preservar moiroes de eucalipto
260 3 _aVicosa, MG (Brasil):
_c1968.
300 _a10 p.
490 _aSerie Tecnica. Boletim - Universidade Rural do Estado de Minas Gerais (Brazil)
_vno. 14
_x
500 _a(*) Documento disponível na(o) UFV, Vicosa, MG (Brazil)
650 _aEUCALIPTO
650 _aINDUSTRIA FLORESTAL
909 _a202312
_bLúcia Elande
_c55
_dLúcia Elande
942 _2AGRIS
_n0
_cMS
999 _c279767
_d279767